000 00421nam a22001457a 4500
005 20180809124454.0
020 _a8172730268
_c00.00
035 _aB-18738, B-018740
037 _aDPL
_bENG
100 _aSingh, Sudhir Kumar
245 _aTerrorism :
_bA global phenomenon /
_cby Sudhir Kumar Singh
260 _aDelhi
_bAuthorpress
_c2000
300 _av, 346p.
_c20 cms.
942 _2ddc
_cEN
_h303.625
_mSUD
999 _c64971
_d64971